Statistics for African Geography by Letter - W

Click here to take the quiz!

General Stats

  • This quiz has been taken 67 times
  • The average score is 8 of 20

Answer Stats

HintAnswer% Correct
Capital of NamibiaWindhoek
100%
Territory disputed between Morocco and the Sahrawi Arab Democratic RepublicWestern Sahara
91%
International sports tournament held in South Africa in 2010World Cup
79%
Large antelope that stampeded in the Lion Kingwildebeest
71%
One of the two main tributaries on the Nile, which flows from Lake Victoria in Uganda to Khartoum, SudanWhite Nile
65%
Wild pig native to sub-Saharan Africawarthog
62%
Arabic term for a river bed that contains water only after rainwadi
56%
Province of South Africa that Cape Town is located inWestern Cape
52%
Most widely spoken language in SenegalWolof
47%
Coastal city in Namibia that was part of South Africa until 1993Walvis Bay
44%
Former spelling of Ouagadougou, Burkina FasoWagadugu
39%
City with a metro area of 1 million in southern NigeriaWarri
23%
Currency of Benin, Burkina Faso, Guinea-Bissau Ivory Coast, Mali, Niger, Senegal, and TogoWest African CFA franc
18%
Name for administrative divisions in Algeria, Mauritania, Morocco, Sudan, Tanzania, and Tunisiawilaya
14%
Region in eastern Ghana with a separatist movementWestern Togoland
12%
Subnational kingdom in western Kenya that was formerly a pre-colonial empireWanga Kingdom
8%
Historic town in the Hirshabelle region of SomaliaWarsheikh
8%
Mountain in northern South AfricaWaterberg
8%
Former sultanate in what is now coastal Kenya from 1810-1923Wituland
8%
Islamic nation that existed from 1878-1898 in what is now Guinea, the Ivory Coast, Mali, and Sierra LeoneWassoulou Empire
6%

Score Distribution

Percentile by Number Answered

Percent of People with Each Score

Your Score History

You have not taken this quiz